PERTUBATION METHODS IN THE QUANTIM MECHANICS OF N- ELECTRON SYSTEMS (Record no. 8759)

MARC details
000 -LEADER
fixed length control field 00506nam a22001817a 4500
003 - CONTROL NUMBER IDENTIFIER
control field OSt
005 - DATE AND TIME OF LATEST TRANSACTION
control field 20240624145949.0
008 - FIXED-LENGTH DATA ELEMENTS--GENERAL INFORMATION
fixed length control field 240624b |||||||| |||| 00| 0 eng d
040 ## - CATALOGING SOURCE
Transcribing agency MUST
082 ## - DEWEY DECIMAL CLASSIFICATION NUMBER
Classification number 531 COR 1948
100 ## - MAIN ENTRY--PERSONAL NAME
Relator code Corson, E. M
245 ## - TITLE STATEMENT
Title PERTUBATION METHODS IN THE QUANTIM MECHANICS OF N- ELECTRON SYSTEMS
260 ## - PUBLICATION, DISTRIBUTION, ETC. (IMPRINT)
Place of publication, distribution, etc. New york
Name of publisher, distributor, etc. : Hafner publishing company
Date of publication, distribution, etc. ,1948
300 ## - PHYSICAL DESCRIPTION
Extent xi,308p.
Other physical details : ill
Dimensions ; 26 cm
504 ## - BIBLIOGRAPHY, ETC. NOTE
Bibliography, etc includes index
650 ## - SUBJECT ADDED ENTRY--TOPICAL TERM
Source of heading or term Mechanisation
942 ## - ADDED ENTRY ELEMENTS (KOHA)
Source of classification or shelving scheme Dewey Decimal Classification
Koha item type Open Shelf
Holdings
Withdrawn status Lost status Source of classification or shelving scheme Damaged status Not for loan Home library Current library Date acquired Source of acquisition Inventory number Total Checkouts Full call number Barcode Date last seen Price effective from Koha item type
    Dewey Decimal Classification     MUST Main Library MUST Main Library 24/06/2024 Donation 09/13195   531 COR 1948 2024-21127 24/06/2024 24/06/2024 Open Shelf